Précis d'histoire du commerce /
Guardado en:
| Autor Principal: | |
|---|---|
| Formato: | Libro |
| Idioma: | French |
| Publicado: |
Paris :
Berger-Levrault,
1896.
|
| Series: | Bibliotheque d'enseignement commercial
|
| Etiquetas: |
Agregar Etiqueta
Sin Etiquetas, Sea el primero en etiquetar este registro!
|
| LEADER | 00448nam a22001455a 4500 | ||
|---|---|---|---|
| 001 | EUN.um024071 | ||
| 008 | 041125s1896####fr############000#0#fre#d | ||
| 005 | 20110503165412.0 | ||
| 245 | 1 | 0 | |a Précis d'histoire du commerce / |c Henri Cons. |
| 260 | |a Paris : |b Berger-Levrault, |c 1896. | ||
| 300 | |a 2 v. | ||
| 490 | 0 | |a Bibliotheque d'enseignement commercial | |
| 100 | 1 | |a Cons, Henri. | |
| 082 | 0 | 4 | |a 380.9 |
| 859 | |a Ar-BaUNS |b BIB. CENTRAL - Tesoro |h 380.9 |i C765 |p 84546/980 |v v.2 | ||
